| 000 | 00330nam a2200109Ia 4500 | ||
|---|---|---|---|
| 008 | 171211s9999 xx 000 0 und d | ||
| 245 | _aPractical Bomb Scene Investigation, Second Edition | ||
| 245 | _cJames T. Thurman | ||
| 260 | _c2011 | ||
| 650 | _xPolitics and Sociology | ||
| 856 | _uhttp://down.ebook777.com/063/1439819599.pdf | ||
| 999 |
_c348768 _d348768 |
||